Clubes da Série A em 30 segundos - Statistics

Estatísticas Gerais
  • Esse quiz foi jogado 629 vezes
    544 desde o último reset
  • A pontuação média é 8 de 20
Estatísticas das Respostas
Clube % Correto
Flamengo
88%
Palmeiras
70%
Corinthians
65%
São Paulo
64%
Santos
60%
Fluminense
59%
Atlético-MG
54%
Grêmio
51%
Internacional
47%
Athlético-PR
36%
América-MG
23%
Bahia
23%
Cuiabá
20%
Red Bull Bragantino
20%
Atlético-GO
19%
Fortaleza
15%
Sport Recife
15%
Ceará
14%
Chapecoense
14%
Juventude
14%
Nenhum quiz correspondente encontrado
Distribuição das Pontuações
Porcentagem de Pessoas com Cada Pontuação
Percentil de Números Respondidos
Sua Pontuação Histórica
Você não jogou esse quiz desde o último reset